000 00889nam a22002897a 4500
001 BR7906362
003 BR-BrBNA
005 20230928090145.0
007 ta
008 230509b bl.||||| |||| 00| 0 por d
040 _aBR-BrBNA
_bpor
_cBiblioteca Nacional de Agricultura
041 _a(Por)
072 _aE30; K50
_b/G514
090 _ E30 BR7906362
100 1 _aVidigal, E.
110 1 _aCamara dos Deputados, Brasilia, DF (Brasil)
_91314
245 1 _aJari Florestal e Agropecuaria Ltda. - atuacao das multinacionais na regiao Amazonica [Projeto industrial; Brasil]
_bRelatorio
260 3 _aBrasilia, DF (Brasil):
_c1979.
300 _a14 p.
650 _aDESENVOLVIMENTO AGRICOLA
650 _aINDUSTRIA FLORESTAL
650 _aPROJETO INDUSTRIAL
650 _aDESENVOLVIMENTO ECONOMICO
650 _aAMAZONIA
909 _a202309
_bLucia
_c55
_dLucia Elande
942 _cBK
999 _c27961
_d27961